Corruption in the UK construction industry (Record no. 106109)

MARC details
000 -LEADER
fixed length control field 01070cam a2200205 4500
001 - CONTROL NUMBER
control field ##L135610
008 - FIXED-LENGTH DATA ELEMENTS--GENERAL INFORMATION
fixed length control field 061115n2006 000 0 eng u
035 ## - SYSTEM CONTROL NUMBER
System control number (Sirsi) u135610
041 0# - LANGUAGE CODE
Language code of text/sound track or separate title eng
050 04 - LIBRARY OF CONGRESS CALL NUMBER
Classification number 690 $2 18
110 2# - MAIN ENTRY--CORPORATE NAME
Corporate name or jurisdiction name as entry element Chartered Institute of Building
9 (RLIN) 2134
245 00 - TITLE STATEMENT
Title Corruption in the UK construction industry
Remainder of title survey 2006
260 ## - PUBLICATION, DISTRIBUTION, ETC.
Place of publication, distribution, etc. London
Name of publisher, distributor, etc. CIOB
Date of publication, distribution, etc. 2006
520 ## - SUMMARY, ETC.
Summary, etc. Examines the perceptions and experiences of corruption of 1 404 respondents working in a variety of sectors in the UK construction industry. Reveals that 51% of construction professionals felt that corruption is commonplace, 76% regarded the employment of illegal workers as widespread, 60% felt that fraud within the industry was rife, and 41% had been personally offered a bribe. The total cost of corruption to the respondent's companies was estimated at £35m year.
590 ## - LOCAL NOTE (RLIN)
Local note KA
651 #4 - SUBJECT ADDED ENTRY--GEOGRAPHIC NAME
Geographic name United Kingdom
Chronological subdivision
690 ## - LOCAL SUBJECT ADDED ENTRY--TOPICAL TERM (OCLC, RLIN)
Topical term or geographic name as entry element BUILT ENVIRONMENT
856 40 - ELECTRONIC LOCATION AND ACCESS
Uniform Resource Identifier <a href="https://www.ciob.org.uk/news/view/1222">https://www.ciob.org.uk/news/view/1222</a>
Public note View the report free of charge at www.ciob.org.uk...
942 ## - ADDED ENTRY ELEMENTS (KOHA)
Suppress in OPAC 0
Holdings
Withdrawn status Lost status Source of classification or shelving scheme Damaged status Not for loan Home library Current library Shelving location Date acquired Total Checkouts Full call number Barcode Date last seen Copy number Price effective from Koha item type
    Dewey Decimal Classification     Virtual Virtual Online 15/11/2006   ONLINE PUBLICATION 135610-2001 06/08/2019 1 06/08/2019 Book